Southville International School and Colleges
Your cart is empty.
  • Cart
  • Lists
    Public lists Eva Luna New books Lux_list list_1
    Your lists Log in to create your own lists
  • Log in to your account
  • Your cookies
  • Search history
Southville International School and Colleges
  • Advanced search
  • Recent comments
  • Most popular
  • Libraries

Log in to your account

Log in with GOOGLE


If you do not have an external account, but do have a local account, you can still log in:

  1. Home
  2. MARC view: The effects of parent's smoking on family relationships of grade six students of S.I.S.C. /
Normal view MARC view ISBD view

The effects of parent's smoking on family relationships of grade six students of S.I.S.C. / (Record no. 97508)

[ view plain ]
MARC details
000 -LEADER
fixed length control field 00884nam a2200217 a 4500
003 - CONTROL NUMBER IDENTIFIER
control field 0
005 - DATE AND TIME OF LATEST TRANSACTION
control field 20250321155556.0
008 - FIXED-LENGTH DATA ELEMENTS--GENERAL INFORMATION
fixed length control field 060801s19uu xx 00 eng d
050 ## - LIBRARY OF CONGRESS CALL NUMBER
Classification number PGS HQ 755.86.S66.F35
Item number .L425 2006
100 ## - MAIN ENTRY--PERSONAL NAME
Personal name Laxa, Franchesca-Anne C.
245 ## - TITLE STATEMENT
Title The effects of parent's smoking on family relationships of grade six students of S.I.S.C. /
Statement of responsibility, etc Franchesca-Anne C. Laxa.
260 ## - PUBLICATION, DISTRIBUTION, ETC. (IMPRINT)
Place of publication, distribution, etc Las Piñas City, Philippines :
Name of publisher, distributor, etc Southville International School and Colleges,
Date of publication, distribution, etc 2006.
300 ## - PHYSICAL DESCRIPTION
Extent 41 pages :
Other physical details illustrations ;
Dimensions 28 cm.
504 ## - BIBLIOGRAPHY, ETC. NOTE
Bibliography, etc Includes bibliographical references.<br/><br/>
650 ## - SUBJECT ADDED ENTRY--TOPICAL TERM
Topical term or geographic name as entry element Smoking
Form subdivision Social aspects
650 ## - SUBJECT ADDED ENTRY--TOPICAL TERM
Topical term or geographic name as entry element Smoking
Form subdivision Psychological aspects.
650 ## - SUBJECT ADDED ENTRY--TOPICAL TERM
Topical term or geographic name as entry element Parental behavior
Form subdivision Health aspects.
650 ## - SUBJECT ADDED ENTRY--TOPICAL TERM
Topical term or geographic name as entry element Parent-child relationships
Form subdivision Health influences.
650 ## - SUBJECT ADDED ENTRY--TOPICAL TERM
Topical term or geographic name as entry element Families
Form subdivision Effect of smoking on relationships.
942 ## - ADDED ENTRY ELEMENTS (KOHA)
Source of classification or shelving scheme Library of Congress Classification
Koha item type PASS
Holdings
Withdrawn status Lost status Source of classification or shelving scheme Damaged status Home library Current library Shelving location Date acquired Source of acquisition Total Checkouts Full call number Barcode Date last seen Price effective from Koha item type
    Library of Congress Classification   Luxembourg Library Luxembourg Library Portfolio Assessment of SISC Students Section 07/24/2006 Donation   PGS HQ 755.86.S66.F35 .L425 2006 P1549 04/08/2014 04/08/2014 PASS

The effects of parent's smoking on family relationships of grade six students of S.I.S.C. /

APA

Laxa F. C., . (2006). The effects of parent's smoking on family relationships of grade six students of S.I.S.C. Las Piñas City, Philippines: Southville International School and Colleges.

Chicago

Laxa Franchesca-Anne C, . 2006. The effects of parent's smoking on family relationships of grade six students of S.I.S.C. Las Piñas City, Philippines: Southville International School and Colleges.

Harvard

Laxa F. C., . (2006). The effects of parent's smoking on family relationships of grade six students of S.I.S.C. Las Piñas City, Philippines: Southville International School and Colleges.

MLA

Laxa Franchesca-Anne C, . The effects of parent's smoking on family relationships of grade six students of S.I.S.C. Las Piñas City, Philippines: Southville International School and Colleges. 2006.

  • Print
  • Cite
  • Add to your cart (remove)
  • Save record
    BIBTEX Dublin Core MARCXML MARC (non-Unicode/MARC-8) MARC (Unicode/UTF-8) MARC (Unicode/UTF-8, Standard) MODS (XML) RIS
  • More searches
    Search for this title in:
    Other Libraries (WorldCat) Other Databases (Google Scholar) Online Stores (Bookfinder.com) Open Library (openlibrary.org)

Exporting to Dublin Core...

SOUTHVILLE LIBRARY

Southville International School and Colleges Library

1281 Tropical Ave. Cor. Luxembourg St., BF Homes International, Las Pinas City

Tel. No. 8256374 / 252358 Loc. 117/146

Powered by Koha